Grammy Awards 2026 - Nominations et vainqueurs - Statistiques

Statistiques générales
  • Ce quiz a été pris 48 fois
  • Le résultat moyen est 8 sur 13
Statistiques - réponses
Question Réponse % Correct
Meilleur album Bad Bunny - Debí Tirar Más Fotos
95%
Meilleur album de pop vocale Lady Gaga - Mayhem
78%
Meilleure performance pop solo Lola Young - “Messy”
78%
Meilleure révélation Olivia Dean
75%
Meilleur enregistrement dance/pop Lady Gaga - “Abracadabra”
73%
Meilleure chanson Billie Eilish - “Wildflower”
63%
Meilleur remix Lady Gaga & Gesaffelstein - “Abracadabra (Gesaffelstein Remix)”
63%
Meilleur compositeur·ice (non-classique) Amy Allen
58%
Meilleure performance pop par un duo/groupe Cynthia Erivo & Ariana Grande - “Defying Gravity”
58%
Meilleur enregistrement Kendrick Lamar & SZA - “Luther”
50%
Meilleur enregistrement électro/dance Tame Impala - End of Summer
50%
Meilleur album électro/dance FKA twigs - Eusexua
45%
Meilleure producteur.trice (non-classique) Cirkut
43%
Aucun quiz correspondant
Distribution des résultats
% des personnes avec chaque résultat
Percentile par nombre de réponses
Votre historique - résultats
Vous n’avez pas pris ce quiz